MARC details
| 000 -LEADER |
| campo de control de longitud fija |
01975nam a2200397 i 4500 |
| 001 - NÚMERO DE CONTROL |
| campo de control |
186221 |
| 003 - IDENTIFICADOR DE NÚMERO DE CONTROL |
| campo de control |
SpMaBN |
| 005 - FECHA Y HORA DE LA ÚLTIMA TRANSACCIÓN |
| campo de control |
20250720091904.0 |
| 008 - DATOS DE LONGITUD FIJA--INFORMACIÓN GENERAL |
| campo de control de longitud fija |
160920s2015 sp a c |||| |dspa d |
| 017 ## - NÚMERO DE COPYRIGHT O DE DEPÓSITO LEGAL |
| Número de copyright o de depósito legal |
M 21145-2015 |
| Agencia que asigna |
Oficina Depósito Legal Madrid |
| 020 ## - NÚMERO INTERNACIONAL ESTÁNDAR DEL LIBRO |
| Número Internacional Estándar del Libro |
978-84-92632-66-4 |
| 024 7# - IDENTIFICADOR DE OTROS ESTÁNDARES |
| Número estándar o código |
NIPO 503-15-008-X |
| Fuente del número o código |
nipo |
| 080 ## - NÚMERO DE LA CLASIFICACIÓN DECIMAL UNIVERSAL |
| Número de la Clasificación Decimal Universal |
012 Cervantes Saavedra, Miguel de |
| 245 00 - MENCIÓN DEL TÍTULO |
| Título |
Quijotes por el mundo |
| Resto del título |
: [exposición] / |
| Mención de responsabilidad, etc. |
[organiza, Instituto Cervantes ; comisario, José Manuel Lucía Megías]. |
| 246 1# - FORMA VARIANTE DEL TITULO |
| Texto de visualización |
Tít. del material anejo |
| Título propio/Titulo breve |
El mapa de las traducciones del "Quijote" |
| 260 ## - PUBLICACIÓN, DISTRIBUCIÓN, ETC. |
| Lugar de publicación, distribución, etc. |
[Madrid] : |
| Nombre del editor, distribuidor, etc. |
Instituto Cervantes, |
| Fecha de publicación, distribución, etc. |
[2015] |
| 300 ## - DESCRIPCIÓN FÍSICA |
| Extensión |
95 p. : |
| Otras características físicas |
il. col., fot. ; |
| Dimensiones |
21 cm + |
| Material acompañante/anejo |
1 h. pleg. de mapa. |
| 336 ## - TIPO DE CONTENIDO |
| Término de tipo de contenido |
Texto (visual) |
| Fuente |
isbdcontent |
| 337 ## - TIPO DE MEDIO |
| Nombre/término del tipo de medio |
sin mediación |
| Fuente |
isbdmedia |
| 338 ## - TIPO DE SOPORTE |
| Fuente |
rdacarrier |
| Nombre/término del tipo de soporte |
volumen |
| 500 ## - NOTA GENERAL |
| Nota general |
Título del material anejo: El mapa de las traducciones del Quijote |
| 500 ## - NOTA GENERAL |
| Nota general |
Sala de Exposiciones del Instituto Cervantes en Madrid, 21 de abril-4 de octubre de 2015 |
| 600 14 - PUNTO DE ACCESO ADICIONAL DE MATERIA--NOMBRE DE PERSONA |
| Nombre de persona |
Cervantes Saavedra, Miguel de, |
| Fechas asociadas al nombre |
1547-1616. |
| Título de la obra |
Don Quijote de la Mancha- |
| Subdivisión de forma |
Exposiciones |
| 9 (RLIN) |
37619 |
| 600 14 - PUNTO DE ACCESO ADICIONAL DE MATERIA--NOMBRE DE PERSONA |
| Nombre de persona |
Cervantes Saavedra, Miguel de, |
| Fechas asociadas al nombre |
1547-1616. |
| Título de la obra |
Don Quijote de la Mancha- |
| Subdivisión de forma |
Exposiciones |
| 9 (RLIN) |
37619 |
| 655 #7 - TERMINO DE INDIZACIÓN--GENERO/FORMA |
| Fuente del término |
tgfbne |
| 9 (RLIN) |
193628 |
| Datos o término principal de género/forma |
Catálogos de exposiciones |
| 700 1# - ENTRADA AGREGADA--NOMBRE PERSONAL |
| Nombre de persona |
Lucía Megías, José Manuel, |
| Fechas asociadas al nombre |
1967- |
| 9 (RLIN) |
240291 |
| 710 2# - ENTRADA AGREGADA--NOMBRE DE ENTIDAD CORPORATIVA |
| Nombre de entidad corporativa o nombre de jurisdicción como elemento de entrada |
Instituto Cervantes. |
| 9 (RLIN) |
4811 |
| 740 32 - ENTRADA AGREGADA--TÍTULO RELACIONADO/ANALÍTICO NO CONTROLADO |
| Título relacionado o analítico no controlado |
El mapa de las traducciones del Quijote. |
| 852 ## - LOCALIZACIÓN |
| Ubicación |
ES-MaACL |
| Número de control de estantería |
A-13805 |
| itemnumber |
193276 |
| Sublocalización o colección |
R.151185 |
| Ubicación en estantería |
Depósito 1 |
| Signatura antigua |
Olim: N-6805 |
| 852 ## - LOCALIZACIÓN |
| Ubicación |
ES-MaACL |
| Sublocalización o colección |
R. 154497 |
| Ubicación en estantería |
Depósito J |
| Número de control de estantería |
N-9085 |
| Anotaciones manuscritas |
Firmado, dedicado e ilustrado por el comisario de la exposición |
| Donativo/Legado |
Donación: José Manuel Lucía Megías |
| Encuadernación |
Rústica |
| itemnumber |
200395 |
| 903 ## - NOMBRE PERSONAL DE DONANTE |
| a |
Lucía Megías, José Manuel, |
| d |
1967- |
| e |
Donante |
| 9 |
240291 |
| 942 ## - ELEMENTOS DE ENTRADA SECUNDARIOS (KOHA) |
| Fuente del sistema de clasificación o colocación |
Clasificación decimal universal |
| Tipo de ítem Koha |
Libro impreso |